Retailing

محفوظ في:
التفاصيل البيبلوغرافية
المؤلف الرئيسي: R Ted Will
التنسيق: كتاب
اللغة:Undetermined
منشور في: San Francisco Canfield Press 1976
الموضوعات:
الوسوم: إضافة وسم
لا توجد وسوم, كن أول من يضع وسما على هذه التسجيلة!
Thư viện lưu trữ: Trung tâm Học liệu Trường Đại học Cần Thơ
LEADER 00523nam a2200181Ia 4500
001 CTU_40786
008 210402s9999 xx 000 0 und d
082 |a 658.87 
082 |b W689 
100 |a R Ted Will 
245 0 |a Retailing 
245 0 |c R Ted Will, Ronald W Hasty 
260 |a San Francisco 
260 |b Canfield Press 
260 |c 1976 
650 |a commerce,managerial economics,middle managers,retail trade - management 
904 |i Minh, 010405 
980 |a Trung tâm Học liệu Trường Đại học Cần Thơ